书目信息 |
| 题名: |
绘画·美学·禅宗
|
|
| 作者: | 程至的 著 | |
| 分册: | ||
| 出版信息: | 北京 中国文联出版公司 1999.01 |
|
| 页数: | 329页 | |
| 开本: | 21cm | |
| 丛书名: | ||
| 单 册: | ||
| 中图分类: | J201 | |
| 科图分类: | ||
| 主题词: | 绘画理论--hui hua li lun--艺术美--研究 , 禅宗--chan zong--影响--绘画--研究 , 绘画--hui hua--影响因素--禅宗--研究 | |
| 电子资源: | ||
| ISBN: | 7-5059-3138-5 | |
| 000 | 00850nam0 2200253 450 | |
| 001 | 012008148796 | |
| 005 | 20080424211035.76 | |
| 010 | @a7-5059-3138-5@dCNY18.80 | |
| 100 | @a20080424d1999 km y0chiy0120 ea | |
| 101 | 0 | @achi |
| 102 | @aCN@b110000 | |
| 105 | @aa z 000yy | |
| 106 | @ar | |
| 200 | 1 | @a绘画·美学·禅宗@Ahui hua·mei xue·chan zong@f程至的著@Fcheng zhi de zhu |
| 210 | @a北京@c中国文联出版公司@d1999.01 | |
| 215 | @a329页@c图@d21cm | |
| 330 | @a本书主要内容有: 历史、时代、艺术、审美与艺术、意境与意象、抽象与艺术、当前绘画的一些问题等等。 | |
| 606 | 0 | @a绘画理论@Ahui hua li lun@x艺术美@x研究 |
| 606 | 0 | @a禅宗@Achan zong@x影响@x绘画@x研究 |
| 606 | 0 | @a绘画@Ahui hua@x影响因素@x禅宗@x研究 |
| 690 | @aJ201@v4 | |
| 701 | 0 | @a程至的@Acheng zhi de@4著 |
| 801 | 0 | @aCN@bQSSK@c20080424 |
| 905 | @b20704484-86@dJ201@eC790@f3 | |
| 绘画·美学·禅宗/程至的著.-北京:中国文联出版公司,1999.01 |
| 329页:图;21cm |
| ISBN 7-5059-3138-5:CNY18.80 |
| 本书主要内容有: 历史、时代、艺术、审美与艺术、意境与意象、抽象与艺术、当前绘画的一些问题等等。 |
| ● |
| 相关链接 |
|
|
|
正题名:绘画·美学·禅宗
索取号:J201/C790
 
预约/预借
| 序号 | 登录号 | 条形码 | 馆藏地/架位号 | 状态 | 备注 |
| 1 | 704484 | 207044848 | 自科二线404/309社科库 67排1列5层/ [索取号:J201/C790] | 在馆 | |
| 2 | 704485 | 207044857 | 社科库309/309社科库 66排4列6层/ [索取号:J201/C790] | 在馆 | |
| 3 | 704486 | 207044866 | 社科库309/309社科库 66排4列6层/ [索取号:J201/C790] | 在馆 |